Nommez une Ville Française (≥ 30 000 habitants) de A à Z - Statistiques

Statistiques générales
  • Ce quiz a été pris 210 fois
    79 depuis la dernière actualisation
  • Le résultat moyen est 17 sur 22
Statistiques - réponses
Lettres Villes (≥ 30 000 habitants) % Correct
C Cachan | Caen | Cagnes-sur-Mer | Calais | Caluire-et-Cuire | Cambrai | Cannes | Carcassonne | Carpentras | Castres | Cayenne | Cergy | Chalon-sur-Saône | Châlons-en-Champagne | Chambéry | Champigny-sur-Marne | Charleville-Mézières | Chartres | Châteauroux | Châtellerault | Châtenay-Malabry | Châtillon | Chatou | Chelles | Cherbourg-en-Cotentin | Choisy-le-Roi | Cholet | Clamart | Clermont-Ferrand | Clichy | Colmar | Colombes | Colomiers | Compiègne | Conflans-Sainte-Honorine | Corbeil-Essonnes | Courbevoie | Creil | Créteil
100%
A Agen | Aix-en-Provence | Aix-les-Bains | Ajaccio | Albi | Alès | Alfortville | Amiens | Angers | Anglet | Angoulême | Annecy | Annemasse | Antibes | Antony | Argenteuil | Arles | Arras | Asnières-sur-Seine | Athis-Mons | Aubagne | Aubervilliers | Aulnay-sous-Bois | Auxerre | Avignon
98%
B Bagneux | Bagnolet | Baie-Mahault | Bastia | Bayonne | Beauvais | Bègles | Belfort | Besançon | Béziers | Bezons | Blois | Bobigny | Bondy | Bordeaux | Boulogne-Billancourt | Boulogne-sur-Mer | Bourg-en-Bresse | Bourges | Brest | Brive-la-Gaillarde | Bron
98%
L L'Haÿ-les-Roses | La Ciotat | La Courneuve | La Possession | La Roche-sur-Yon | La Rochelle | La Seyne-sur-Mer | Laval | Le Blanc-Mesnil | Le Cannet | Le Chesnay-Rocquencourt | Le Havre | Le Lamentin | Le Mans | Le Perreux-sur-Marne | Le Port | Le Tampon | Lens | Les Abymes | Les Mureaux | Les Sables-d'Olonne | Levallois-Perret | Liévin | Lille | Limoges | Livry-Gargan | Lorient | Lyon
97%
M Mâcon | Maisons-Alfort | Malakoff | Mamoudzou | Mantes-la-Jolie | Marcq-en-Barœul | Marignane | Marseille | Martigues | Massy | Matoury | Meaux | Melun | Menton | Mérignac | Metz | Meudon | Meyzieu | Mont-de-Marsan | Montauban | Montélimar | Montigny-le-Bretonneux | Montluçon | Montpellier | Montreuil | Montrouge | Mulhouse
97%
R Reims | Rennes | Rezé | Rillieux-la-Pape | Ris-Orangis | Roanne | Romainville | Romans-sur-Isère | Rosny-sous-Bois | Roubaix | Rouen | Rueil-Malmaison
97%
N Nancy | Nanterre | Nantes | Narbonne | Neuilly-sur-Marne | Neuilly-sur-Seine | Nevers | Nice | Nîmes | Niort | Nogent-sur-Marne | Noisy-le-Grand | Noisy-le-Sec | Nouméa
95%
P Palaiseau | Pantin | Paris | Pau | Perpignan | Pessac | Plaisir | Poissy | Poitiers | Pontault-Combault | Pontoise | Puteaux
95%
T Talence | Tarbes | Thiais | Thionville | Thonon-les-Bains | Toulon | Toulouse | Tourcoing | Tours | Trappes | Tremblay-en-France | Troyes
94%
S Saint-André | Saint-Benoît | Saint-Brieuc | Saint-Chamond | Saint-Denis | Saint-Étienne | Saint-Germain-en-Laye | Saint-Herblain | Saint-Joseph | Saint-Laurent-du-Maroni | Saint-Laurent-du-Var | Saint-Leu | Saint-Louis | Saint-Malo | Saint-Martin | Saint-Martin-d'Hères | Saint-Maur-des-Fossés | Saint-Médard-en-Jalles | Saint-Nazaire | Saint-Ouen-sur-Seine | Saint-Paul | Saint-Pierre | Saint-Priest | Saint-Quentin | Saint-Raphaël | Sainte-Geneviève-des-Bois | Sainte-Marie | Salon-de-Provence | Sarcelles | Sartrouville | Savigny-le-Temple | Savigny-sur-Orge | Schiltigheim | Sète | Sevran | Six-Fours-les-Plages | Stains | Strasbourg | Suresnes
92%
V Valence | Valenciennes | Vannes | Vaulx-en-Velin | Vénissieux | Versailles | Vienne | Vigneux-sur-Seine | Villefranche-sur-Saône | Villejuif | Villenave-d'Ornon | Villeneuve-d'Ascq | Villeneuve-Saint-Georges | Villepinte | Villeurbanne | Villiers-sur-Marne | Vincennes | Viry-Châtillon | Vitrolles | Vitry-sur-Seine
92%
D Dijon | Douai | Draguignan | Drancy | Dreux | Dumbéa | Dunkerque
91%
G Gagny | Gap | Garges-lès-Gonesse | Gennevilliers | Goussainville | Grasse | Grenoble
78%
Q Quimper
78%
O Orléans | Oullins-Pierre-Bénite
75%
E Échirolles | Épinal | Épinay-sur-Seine | Évreux | Évry-Courcouronnes
65%
F Fontenay-sous-Bois | Fort-de-France | Franconville | Fréjus
57%
I Issy-les-Moulineaux | Istres | Ivry-sur-Seine
57%
H Haguenau | Herblay-sur-Seine | Houilles | Hyères
52%
W Wattrelos
34%
J Joué-lès-Tours
15%
K Koungou
11%
Aucun quiz correspondant
Distribution des résultats
% des personnes avec chaque résultat
Percentile par nombre de réponses
Votre historique - résultats
Vous n’avez pas pris ce quiz depuis la dernière actualisation